| 000 | 00451 a2200133 4500 | ||
|---|---|---|---|
| 001 | ART_10731 | ||
| 005 | 20260410161831.0 | ||
| 008 | 260409a | ||
| 245 | 1 | 0 | _aEstímulos y obstáculos a la modernización productiva en el sector autopartista de Córdoba |
| 100 | 1 | _aZavaleta, Leticia | |
| 700 | 1 | _aLlinás, Irene | |
| 700 | 1 | _aMotta, Jorge J. | |
| 773 | 0 |
_tActualidad Económica _g- Año XVII, Nº 63 (sep./dic. 2007) _wREV5083 |
|
| 999 |
_c23229 _d23229 |
||